| Tag |
First Indicator |
Second Indicator |
Subfields |
| LEADER |
00000cam a2200000 4500 |
| 001 |
in00000272913 |
| 005 |
20151010061136.0 |
| 008 |
750715s1959 nvua b s00000 eng d |
| 010 |
|
|
|a gs 59000219
|
| 035 |
|
|
|a (OCoLC)01449640
|
| 035 |
|
|
|9 ABD4761AM
|
| 040 |
|
|
|c OUN
|d TXA
|d UtOrBLW
|
| 049 |
|
|
|a TXAM
|c [318182]
|
| 090 |
|
|
|a QE137
|b .N4 no. 56
|
| 100 |
1 |
|
|a Page, Benjamin M.
|q (Benjamin Markham),
|d 1911-
|
| 245 |
1 |
0 |
|a Geology of the Candelaria mining district, Mineral County, Nevada.
|
| 264 |
|
1 |
|a Reno :
|b University of Nevada,
|c 1959.
|
| 300 |
|
|
|a 67 pages :
|b illustrations
|
| 336 |
|
|
|a text
|b txt
|2 rdacontent
|
| 337 |
|
|
|a unmediated
|b n
|2 rdamedia
|
| 338 |
|
|
|a volume
|b nc
|2 rdacarrier
|
| 490 |
1 |
|
|a Nevada. Bureau of Mines. Bulletin ;
|v 56
|
| 504 |
|
|
|a Bibliography: pages 63-64.
|
| 650 |
|
0 |
|a Geology
|z Nevada
|z Mineral County.
|
| 650 |
|
0 |
|a Ore deposits
|z Nevada
|z Mineral County.
|
| 830 |
|
0 |
|a Bulletin (Nevada Bureau of Mines and Geology) ;
|v 56.
|
| 999 |
|
|
|a MARS
|
| 999 |
f |
f |
|s 6c81d38f-e045-3fed-9709-fc4e6cc71737
|i 8403b53e-c483-37b4-8f2a-b83ad13c231d
|t 0
|
| 952 |
f |
f |
|a Texas A&M University
|b College Station
|c Sterling C. Evans Library
|s Evans stk
|d Evans: Library Stacks
|t 0
|e QE137 .N4 no.54-no.56
|h Library of Congress classification
|
| 998 |
f |
f |
|a QE137 .N4 no.54-no.56
|t 0
|l Evans: Library Stacks
|